000 00755nam a2200229 i 4500
001 112585
003 ES-MaACL
005 20230906185549.0
007 t|
008 061121s1973 sp |||| | spa d
020 _a84-206-2048-3
100 1 _aNove, Alec.
_986069
245 1 0 _aHistoria económica de la Unión Soviética /
_cAlec Nova ; versión española de Miguel Paredes Marcos.
260 _aMadrid :
_bAlianza Editorial,
_c1973.
300 _a425 p. ;
_c20 cm.
490 1 _aAlianza universidad ;
_v48
651 4 _aURSS-
_xSituación económica-
_vHistoria.
_9167716
700 1 _aParedes Marcos, Miguel,
_d1910-1976
_989053
830 1 _aAlianza universidad ;
_v48
_9177276
852 _aES-MaACL
_jC-52951
999 _c112585
_d112585